| 000 | 01190cam a2200517 4500 | ||
|---|---|---|---|
| 008 | 090401t1992 xxu||||| |||| 00| 0 eng d | ||
| 020 | _a9090055177 | ||
| 035 | _a(Sirsi) u44272 | ||
| 041 | _aeng | ||
| 050 | _a711.091 | ||
| 110 |
_aInternational Society of City and Regional Planners _92871 |
||
| 245 | _aInternational manual of planning practice. | ||
| 250 | _a2nd ed. | ||
| 260 |
_aThe Hague _bISOCARP _c1992 |
||
| 300 | _a313p. : ill.,maps ; 21cm | ||
| 350 | _a0 | ||
| 650 | _aAUSTRALIA | ||
| 650 | _aBELGIUM | ||
| 650 | _aCHINA | ||
| 650 | _aCUBA | ||
| 650 | _aDENMARK | ||
| 650 | _aETHIOPIA | ||
| 650 | _aFINLAND | ||
| 650 | _aFRANCE | ||
| 650 | _aGERMANY | ||
| 650 | _aGREECE | ||
| 650 | _aINDIA | ||
| 650 | _aIRELAND | ||
| 650 | _aISRAEL | ||
| 650 | _aITALY | ||
| 650 | _aMEXICO | ||
| 650 | _aNETHERLANDS | ||
| 650 | _aNIGERIA | ||
| 650 | _aPLANNING PRACTICE | ||
| 650 | _aPOLAND | ||
| 650 | _aPORTUGAL | ||
| 650 | _aSOUTH AFRICA | ||
| 650 | _aSPAIN | ||
| 650 | _aSWEDEN | ||
| 650 | _aSWITZERLAND | ||
| 650 | _aTURKEY | ||
| 650 | _aYUGOSLAVIA | ||
| 690 | _aPLANNING LAW AND PRACTICE | ||
| 942 | _n0 | ||
| 948 | _c04/03/1997 | ||
| 999 |
_c91472 _d91472 |
||